100 Ways to motivate yourself / (Record no. 199301)
[ view plain ]
| 000 -LEADER | |
|---|---|
| fixed length control field | 00956nam a22002537a 4500 |
| 008 - FIXED-LENGTH DATA ELEMENTS--GENERAL INFORMATION | |
| fixed length control field | 081212t xxu||||| |||| 00| 0beng d |
| 010 ## - LCCN (DPL NO) | |
| LC control number | B-756033-40 |
| 020 ## - INTERNATIONAL STANDARD BOOK NUMBER | |
| Terms of availability | 250.00 |
| International Standard Book Number | 9788183822329 |
| 035 ## - SYSTEM CONTROL NUMBER | |
| System control number | B-756033-40 |
| 037 ## - SOURCE OF ACQUISITION | |
| Source of stock number/acquisition | Lotus Press |
| 040 ## - CATALOGING SOURCE | |
| Language of cataloging | English |
| 082 ## - DEWEY DECIMAL CLASSIFICATION NUMBER | |
| Classification number | 158.1 |
| 100 ## - MAIN ENTRY--PERSONAL NAME | |
| 9 (RLIN) | 3724 |
| Personal name | Sachdeva, Neeru |
| 245 ## - TITLE STATEMENT | |
| Title | 100 Ways to motivate yourself / |
| Statement of responsibility, etc | Neeru Sachdeva |
| 260 ## - PUBLICATION, DISTRIBUTION, ETC. (IMPRINT) | |
| Place of publication, distribution, etc | New Delhi |
| Name of publisher, distributor, etc | Lotus Press |
| Date of publication, distribution, etc | 2023 |
| 270 ## - ADDRESS | |
| Address | 4735/22 , Prakash Deep Building Ansari Road, Darya Ganj, |
| City | New Delhi |
| Postal code | 110002 |
| 300 ## - PHYSICAL DESCRIPTION | |
| Extent | 230p. |
| Dimensions | 22cm (pbk) |
| 505 ## - FORMATTED CONTENTS NOTE | |
| Formatted contents note | |
| 600 ## - SUBJECT ADDED ENTRY--PERSONAL NAME | |
| General subdivision | Biography |
| 9 (RLIN) | 3725 |
| 650 ## - SUBJECT ADDED ENTRY--TOPICAL TERM | |
| Topical term or geographic name as entry element | Motivation psychology |
| 9 (RLIN) | 7590 |
| 650 ## - SUBJECT ADDED ENTRY--TOPICAL TERM | |
| Topical term or geographic name as entry element | self actualization |
| 9 (RLIN) | 7714 |
| 942 ## - ADDED ENTRY ELEMENTS (KOHA) | |
| Source of classification or shelving scheme | Dewey Decimal Classification |
| Item type | English Books |
| Call number suffix | SAC |
| Classification part | 158.1 |
| Withdrawn status | Lost status | Source of classification or shelving scheme | Damaged status | Not for loan | Collection code | Home library | Current library | Date acquired | Source of acquisition | Cost, normal purchase price | Total Checkouts | Total Renewals | Full call number | Barcode | Date last seen | Copy number | Cost, replacement price | Koha item type | Checked out |
|---|---|---|---|---|---|---|---|---|---|---|---|---|---|---|---|---|---|---|---|
| Dewey Decimal Classification | Non-fiction | Ashok Vihar | Ashok Vihar | 13/12/2023 | Lotus Press/198/27.12.23/41/23.11.23/1.12.23 | 250.00 | 2 | SAC 158.1 | B-756034 | 18/05/2026 | 2 | 250.00 | English Books | 01/06/2026 | |||||
| Dewey Decimal Classification | Non-fiction | Central Jail Tihar | Central Jail Tihar | 13/12/2023 | Lotus Press/198/27.12.23/41/23.11.23/1.12.23 | 250.00 | 3 | SAC 158.1 | B-756036 | 29/12/2025 | 4 | 250.00 | English Books | ||||||
| Dewey Decimal Classification | Non-fiction | Central Library | Central Library | 13/12/2023 | Lotus Press/198/27.12.23/41/23.11.23/1.12.23 | 250.00 | 8 | 5 | SAC 158.1 | B-756033 | 30/04/2026 | 1 | 250.00 | English Books | |||||
| Dewey Decimal Classification | Non-fiction | RC3 Aruna Nagar | RC3 Aruna Nagar | 13/12/2023 | Lotus Press/198/27.12.23/41/23.11.23/1.12.23 | 250.00 | SAC 158.1 | B-756040 | 13/12/2023 | 8 | 250.00 | English Books | |||||||
| Dewey Decimal Classification | Non-fiction | Sarojini Nagar | Sarojini Nagar | 13/12/2023 | Lotus Press/198/27.12.23/41/23.11.23/1.12.23 | 250.00 | 4 | 5 | SAC 158.1 | B-756037 | 23/08/2025 | 5 | 250.00 | English Books | |||||
| Dewey Decimal Classification | Non-fiction | Shahdara Branch | Shahdara Branch | 13/12/2023 | Lotus Press/198/27.12.23/41/23.11.23/1.12.23 | 250.00 | 14 | 8 | SAC 158.1 | B-756039 | 02/02/2026 | 7 | 250.00 | English Books | |||||
| Dewey Decimal Classification | Non-fiction | Tri Nagar | Tri Nagar | 13/12/2023 | Lotus Press/198/27.12.23/41/23.11.23/1.12.23 | 250.00 | 1 | SAC 158.1 | B-756035 | 25/10/2025 | 3 | 250.00 | English Books | ||||||
| Dewey Decimal Classification | Non-fiction | Vinoba Puri | Vinoba Puri | 13/12/2023 | Lotus Press/198/27.12.23/41/23.11.23/1.12.23 | 250.00 | SAC 158.1 | B-756038 | 13/12/2023 | 6 | 250.00 | English Books |
